000 01010nam0a22002891 4500
001 rc\3903133
005 20250611014807.0
021 _aRU
_b[55-17376]
035 _a(NLR Aleph) 008014918
090 _a8723945
_c8723945
100 _a20130415d1955 |||y0rusy50 ca
101 0 _arus
102 _aRU
105 _ay z |||a|
200 1 _aРусский флаг
_eИст. роман
210 _aМосква
_cСов. писатель
_d1955
215 _a652 с.
_d22
606 _aВоенно-морской флот России (х. л.)
_2psbo
606 _aМоряки в России (х. л.)
_2psbo
607 _aПетропавловск-на-Камчатке
_xОборона
_z1854-1856 (х. л.)
_2psbo
700 1 _7ca
_8rus
_aБорщаговский
_bА. М.
_f1913-2006
_gАлександр Михайлович
_92641327
_3RU\NLR\AUTH\770273151
801 0 _aRU
_bNLR
_gpsbo
801 1 _aRU
_bELAR
_2rusmarc
852 _aNLR
_jЛ30 Г-5/894
942 _cBOOK
980 _aNB